000 01191nam0a22002891 4500
001 rc\4234696
005 20130416111346.7
021 _aRU
_b[63-64294]
035 _a(NLR Aleph) 008466207
090 _a7900675
_c7900675
100 _a20130416d1963 |||y0rusy50 ca
101 0 _arus
102 _aRU
105 _ay z |||||
200 1 _aАнгина и хронический тонзиллит
_e(Этиология, патогенез, профилактика и лечение)
_eУтв. 22/VII 1963 г.
_fСост. проф. Н.А. Бобровский, А.С. Токман
210 _aМосква
_cБ. и.
_d1963
215 _a24 с.
_d21
225 1 _aМинистерство здравоохранения РСФСР. Методическое письмо
_fГос. науч.-исслед. ин-т уха, горла и носа
606 _aТонзиллит хронический
_2psbo
606 _aАнгина
_2psbo
702 1 _aБобровский
_bН. А.
_gНиколай Аркадьевич
_4220
702 1 _aТокман
_bА. С.
_4220
801 0 _aRU
_bNLR
_gpsbo
801 1 _aRU
_bELAR
_2rusmarc
852 _aNLR
_j63-6/10467
942 _cBOOK
980 _aNB